ChatGPT's Riddles – World Geography - Statistics

General Stats
  • This quiz has been taken 59 times
  • The average score is 12 of 14
Answer Stats
Riddle Riddling % Correct
I am an African country known for my pyramids and the Nile River. My ancient civilizationis one of the oldest in the world.
What country am I?
Egypt
100%
I am a landlocked country in Central Europe,known for my chocolate and watches. My capital is Bern, and I am famous for my alpine landscapes. What country am I? Switzerland
96%
I am the largest country in South America,covering a major portion of the continent. I am home to the Amazon rainforest and the Christ the Redeemer statue. What country am I? Brazil
92%
I am an Asian country known for mytechnological advancements and sushi. My capital city is Tokyo, and I am home to Mount Fuji. What country am I? Japan
92%
I am a famous desert located in northern Africa.I am the largest hot desert in the world and known for my vast stretches of sand dunes. What desert am I? Sahara
92%
I am a European country that is part of the United Kingdom. I am known formy stunning landscapes, including Loch Ness. What country am I? Scotland
91%
I am a country located in Eastern Europe,known for my vodka and matryoshka dolls. My capital is Moscow, and I am the largest country by land area. What country am I? Russia
89%
I am an African country located onthe southernmost tip of the continent. I am known for my diverse wildlife, including lions, elephants, and rhinos. What country am I? South Africa
87%
I am a city located in Australia and consideredone of the most livable cities in the world. I am known for my Opera House and Harbour Bridge. What city am I? Sydney
87%
I am a large mountain range that stretchesacross several countries in Europe. I am known for my stunning scenery and are a popular destination for hikers and skiers. What mountain range am I? The Alps
79%
I am a country located in Southeast Asia,famous for my beautiful beaches and ancient temples like Angkor Wat. What country am I? Cambodia
75%
I am an archipelago located in theCaribbean Sea. My tropical climate and beautiful beaches attract tourists from around the world. What archipelago am I? Bahamas
72%
I am a city located in the southeasternUnited States. I am known for my country music and the Grand Ole Opry. What city am I? Nashville
64%
I am a city located in the Middle East, knownfor my ancient ruins such as the Petra archaeological site. I am also one of the New Seven Wonders of the World. What city am I? Petra
36%
No matching quizzes found
Score Distribution
Percent of People with Each Score
Percentile by Number Answered
Your Score History
You have not taken this quiz